000 01937cam a22004574i 4500
003 PE-LiUPU
005 20250731173000.0
008 150623s1987 caua r 000 0 eng d
020 _a0830711716
035 _a(Sirsi) i9780830711710
040 _aPE-LiUPU
_bspa
_cPE-LiUPU
_erda
049 _aPRUA
082 0 4 _a253
_bS79C
_221
100 1 _aSteinbron, Melvin J.,
_eautor.
245 1 0 _aCan the pastor do it alone? :
_ba model for preparing lay people for lay pastoring /
_cMelvin J. Steinbron ; foreword by Lyle E. Schaller.
264 1 _aVentura, California :
_bRegal Books,
_c1987.
300 _a258 páginas :
_bilustraciones diagrámas ;
_c20 centímetros
336 _atext
_2rdacontent
337 _aunmediated
_2rdamedia
338 _avolume
_2rdacarrier
505 0 _aCan Lay people really Pastor? -- Its' in the book -- What is lay pastoring and who needs it? -- Getting started -- What a lay pastor does -- God calls them -- Equipping people to be passtors -- Managing the difficulties -- Evaluating the ministry -- In search of a form -- What lay pastors are saying -- What the people are saying -- What other churches are saying -- What the pastor of a smaller church is saying.
526 _aSEG42
526 _aSEG41
526 _aSEG40
526 _aSEG39
526 _aP94
526 _aP87
526 _aP86
526 _aP85
526 _aP77
526 _aP76
526 _aP35
650 0 4 _aMinisterio laico.
650 0 4 _aTeología pastoral.
_91381
942 _2ddc
_cBOOK
949 _a253 S79C
_wDEWEY
_c1
_i45508
_lCCODEBUL1
_mBUL
_r0
_sY
_tBOOK
_u2015-6-24
_xTEOLOGIA
_PP35
_0COMPRA
_o.STAFF. Colección Teología
994 _aC0
_bPEPRU
596 _a1
999 _a253 S79C
_wDEWEY
_c22370
_i45508
_f2021-11-12
_g5
_lCCODEBUL1
_mBUL
_p30.00
_r0
_sY
_tBOOK
_u2015-6-24
_xTEOLOGIA
_PP35
_0COMPRA
_o.STAFF. Colección Teología
_d22370
980 _81
_gALBERTO SANCHEZ Responsable de Automatización